Capitale o no? - Statistics

Statistiche generali
  • Questo quiz è stato fatto 220 volte
    198 dall'ultimo reset
  • Il punteggio medio è 39 su 42
Statistiche sulle risposte
Domanda Risposta % Corretto
Oslo Capitale
100%
Belgrado Capitale
98%
Mosca Capitale
98%
Madrid Capitale
98%
Berlino Capitale
98%
Il Cairo Capitale
98%
Parigi Capitale
98%
Roma Capitale
98%
Atene Capitale
98%
Zurigo Non è Capitale
98%
Sydney Non è Capitale
98%
New York Non è Capitale
98%
Buenos Aires Capitale
96%
Città di San Marino Capitale
96%
Giacarta Capitale
96%
Città del Messico Capitale
96%
Londra Capitale
96%
Tallinn Capitale
96%
Tokyo Capitale
96%
Sofia Capitale
96%
Bogotà Capitale
96%
Toronto Non è Capitale
96%
Tunisi Capitale
95%
Copenaghen Capitale
95%
Istanbul Non è Capitale
95%
Casablanca Non è Capitale
95%
Shanghai Non è Capitale
95%
Rio de Janeiro Non è Capitale
93%
Teheran Capitale
91%
Addis Abeba Capitale
91%
Samarcanda Non è Capitale
91%
Dar es Salaam Non è Capitale
91%
Aleppo Non è Capitale
91%
Mumbai Non è Capitale
89%
Auckland Non è Capitale
86%
Karachi Non è Capitale
86%
Yangon Non è Capitale
84%
Guayaquil Non è Capitale
84%
Ho Chi Minh Non è Capitale
79%
Dubai Non è Capitale
77%
Cape Town Capitale
70%
Lagos Non è Capitale
70%
Nessun quiz corrispondente trovato
Distribuzione punteggi
Percentuale di utenti per punteggio
Percentile per numero di risposta
I tuoi punteggi nel tempo
Non hai fatto questo quiz dall'ultimo reset